Statistics for States with NFL Teams

Click here to take the quiz!

General Stats

  • This quiz has been taken 51 times
  • The average score is 29 of 32

Answer Stats

Team% Correct
Minnesota Vikings
98%
Cincinnati Bengals
96%
Cleveland Browns
96%
Dallas Cowboys
96%
Houston Texans
96%
Los Angeles Chargers
96%
Los Angeles Rams
96%
Oakland Raiders
96%
San Francisco 49ers
96%
Arizona Cardinals
94%
Buffalo Bills
94%
Jacksonville Jaguars
94%
Miami Dolphins
94%
New York Giants
94%
New York Jets
94%
Seattle Seahawks
94%
Tampa Bay Buccaneers
94%
Washington Redskins
94%
Atlanta Falcons
91%
Denver Broncos
91%
Green Bay Packers
89%
Philadelphia Eagles
89%
Pittsburgh Steelers
89%
Carolina Panthers
87%
New Orleans Saints
87%
Baltimore Ravens
85%
Detroit Lions
85%
Tennessee Titans
85%
Chicago Bears
83%
Indianapolis Colts
83%
Kansas City Chiefs
81%
New England Patriots
81%

Score Distribution

Percentile by Number Answered

Percent of People with Each Score

Your Score History

You have not taken this quiz